[Event "16th Battle of Senta - OPEN A"]
[Site "Senta"]
[Date "2012.07.17"]
[Round "5.9"]
[White "Dragovic, Momcilo"]
[Black "Scepanovic, Labud"]
[Result "1-0"]
[WhiteElo "2364"]
[BlackElo "2205"]
[PlyCount "65"]
[EventDate "2012.07.14"]

1. e4 d6 2. d4 g6 3. c3 e5 4. Nf3 Bg7 5. Bc4 exd4 6. Qb3 Qe7 7. O-O Nd7 8. cxd4
c6 9. Nc3 Bh6 10. e5 d5 11. Bxd5 Nb6 12. Be4 Bxc1 13. Raxc1 Nh6 14. d5 cxd5 15.
Nxd5 Nxd5 16. Qb5+ Kf8 17. Qxd5 Kg7 18. Rfd1 Re8 19. h3 Nf5 20. Qc5 h5 21. a3
Be6 22. Qc7 Qf8 23. Bxf5 Bxf5 24. Nd4 Be4 25. e6 Kh7 26. Qf4 Bd5 27. Rc7 Re7
28. Rxe7 Qxe7 29. Nf5 gxf5 30. Qxf5+ Kg7 31. Rxd5 fxe6 32. Qe5+ Kg8 33. Qg3+
1-0

[Event "16th Battle of Senta - OPEN A"]
[Site "Senta"]
[Date "2012.07.17"]
[Round "5.10"]
[White "Radusinovic, Lazar"]
[Black "Cabarkapa, Novak"]
[Result "1/2-1/2"]
[WhiteElo "2330"]
[BlackElo "2254"]
[PlyCount "25"]
[EventDate "2012.07.14"]

1. d4 Nf6 2. Nf3 g6 3. g3 Bg7 4. Bg2 O-O 5. c4 d5 6. cxd5 Nxd5 7. O-O Nb6 8.
Qc2 Nc6 9. a3 Bf5 10. e4 Bg4 11. d5 Bxf3 12. dxc6 Bxg2 13. Kxg2 1/2-1/2

[Event "16th Battle of Senta - OPEN A"]
[Site "Senta"]
[Date "2012.07.17"]
[Round "5.11"]
[White "Sakic, Lorand"]
[Black "Dudukovic, Nikola"]
[Result "1/2-1/2"]
[WhiteElo "1971"]
[BlackElo "2302"]
[PlyCount "82"]
[EventDate "2012.07.14"]

1. e4 e6 2. d4 d5 3. Nc3 Nf6 4. Bg5 Bb4 5. e5 h6 6. exf6 hxg5 7. fxg7 Rg8 8.
Qh5 Qf6 9. O-O-O Bxc3 10. bxc3 Qxg7 11. Nf3 Nd7 12. Nd2 Nf6 13. Qf3 Bd7 14. h4
O-O-O 15. Be2 Bc6 16. g4 gxh4 17. Rxh4 Nd7 18. Rdh1 Qf8 19. Kb1 Qa3 20. Ka1 Ba4
21. Nb1 Qd6 22. Bd3 f6 23. Qe3 c5 24. Qc1 Kb8 25. Qa3 Bc6 26. f3 Qf4 27. dxc5
Qe3 28. Qb4 e5 29. Bb5 Rc8 30. Rh7 Nxc5 31. Re7 Bxb5 32. Qxb5 Rh8 33. Rxh8 Rxh8
34. Re8+ Rxe8 35. Qxe8+ Kc7 36. Qf7+ Nd7 37. Qxd5 a6 38. Kb2 Qb6+ 39. Kc1 Qe3+
40. Kb2 Qb6+ 41. Kc1 Qe3+ 1/2-1/2

[Event "16th Battle of Senta - OPEN A"]
[Site "Senta"]
[Date "2012.07.17"]
[Round "5.13"]
[White "Pletl, Akos"]
[Black "Manojlovic, Sava"]
[Result "1/2-1/2"]
[WhiteElo "2251"]
[BlackElo "2077"]
[PlyCount "87"]
[EventDate "2012.07.14"]

1. d4 Nf6 2. c4 e6 3. Nc3 c5 4. d5 exd5 5. cxd5 d6 6. e4 a6 7. a4 g6 8. f4 Bg7
9. Nf3 O-O 10. Bd3 Bg4 11. O-O Nbd7 12. h3 Bxf3 13. Qxf3 Qc7 14. Be3 Rfe8 15.
Bf2 Rab8 16. Rfe1 Qa5 17. Bf1 Rbc8 18. Bg3 Nh5 19. Bh2 Bd4+ 20. Kh1 Ng7 21. g4
f6 22. h4 Rf8 23. Bh3 g5 24. Rab1 Rce8 25. h5 Re7 26. Ne2 Qb4 27. h6 Ne8 28.
Nxd4 cxd4 29. Rbd1 Nc7 30. Qf2 d3 31. Bg2 Nc5 32. fxg5 Nxe4 33. Bxe4 Rxe4 34.
Rxe4 Qxe4+ 35. Qg2 Qb4 36. Qd2 Qxg4 37. Qxd3 fxg5 38. Rg1 Qh5 39. Qe3 Rf5 40.
Qe7 Ne8 41. Re1 Qf3+ 42. Kg1 Qf2+ 43. Kh1 Qf3+ 44. Kg1 1/2-1/2

[Event "16th Battle of Senta - OPEN A"]
[Site "Senta"]
[Date "2012.07.17"]
[Round "5.16"]
[White "Vucinic, Gojko"]
[Black "Marta, Dominik"]
[Result "1-0"]
[WhiteElo "2150"]
[BlackElo "1966"]
[PlyCount "67"]
[EventDate "2012.07.14"]

1. e4 e5 2. Nf3 Nf6 3. Nxe5 d6 4. Nc4 Nxe4 5. d4 d5 6. Ne3 Be7 7. Bd3 c5 8.
dxc5 Qa5+ 9. Nd2 Nxc5 10. Bf5 Nc6 11. Qg4 Bxf5 12. Nxf5 g6 13. Nxe7 Nxe7 14. b4
Qa4 15. Qd4 Kd7 16. Qxc5 Rhc8 17. Qa5 Qxa5 18. bxa5 Rxc2 19. O-O Nc6 20. Nb3
Re8 21. Be3 Kc8 22. Rfd1 Rd8 23. Nd4 Nxd4 24. Bxd4 Kb8 25. h3 Rc4 26. Rac1 Rc6
27. Rxc6 bxc6 28. Rb1+ Ka8 29. a6 Rd7 30. Kf1 Re7 31. f4 f5 32. Be5 Re8 33. Rc1
Rc8 34. Rc5 1-0

[Event "16th Battle of Senta - OPEN A"]
[Site "Senta"]
[Date "2012.07.17"]
[Round "5.18"]
[White "Kholopov, Alexander A"]
[Black "Savic, Dragan"]
[Result "1-0"]
[WhiteElo "2289"]
[BlackElo "2174"]
[PlyCount "69"]
[EventDate "2012.07.14"]

1. Nf3 e6 2. g3 d5 3. Bg2 Nf6 4. O-O Nbd7 5. d4 Be7 6. c4 O-O 7. Qc2 c6 8. Bf4
Qb6 9. c5 Qa6 10. Nc3 b6 11. b4 Nh5 12. Bd2 bxc5 13. bxc5 Qc4 14. Rfb1 e5 15.
e3 exd4 16. exd4 Qa6 17. Bf1 Qa5 18. Nxd5 Qd8 19. Nxe7+ Qxe7 20. Re1 Qd8 21.
Bg2 Nhf6 22. Bf4 Nd5 23. Bd6 Re8 24. Rxe8+ Qxe8 25. Re1 Qd8 26. Ng5 N7f6 27.
Bxd5 cxd5 28. Be7 Qe8 29. Re5 Be6 30. Bxf6 gxf6 31. Qxh7+ Kf8 32. Nxe6+ fxe6
33. Rh5 Qf7 34. Qh8+ Qg8 35. Qxf6+ 1-0

[Event "16th Battle of Senta - OPEN A"]
[Site "Senta"]
[Date "2012.07.17"]
[Round "5.19"]
[White "Bejatovic, Bojana"]
[Black "Vranic, Ljubomir"]
[Result "1/2-1/2"]
[WhiteElo "1941"]
[BlackElo "2192"]
[PlyCount "67"]
[EventDate "2012.07.14"]

1. Nf3 d5 2. d4 c6 3. Bf4 Nd7 4. e3 Ngf6 5. h3 Qb6 6. Qc1 Ne4 7. Bd3 Ndf6 8.
O-O g5 9. Be5 Rg8 10. Nbd2 g4 11. hxg4 Bxg4 12. Re1 Bh3 13. Bf1 Bh6 14. c4 Rc8
15. cxd5 cxd5 16. Qd1 Bd7 17. Rc1 Rc6 18. a4 a6 19. Nxe4 Nxe4 20. Nd2 Bg4 21.
Rxc6 Qxc6 22. Be2 Bxe2 23. Rxe2 Qg6 24. Qf1 Nxd2 25. Rxd2 Kd7 26. Rd3 Qb6 27.
Qc1 Rc8 28. Rc3 Rc6 29. Qc2 Rxc3 30. Qxc3 Qc6 31. Qd3 Qg6 32. Qb3 Qc6 33. Qd3
Qg6 34. Qb3 1/2-1/2

[Event "16th Battle of Senta - OPEN A"]
[Site "Senta"]
[Date "2012.07.17"]
[Round "5.20"]
[White "Paroski, Sinisa"]
[Black "Banovic, Ivan"]
[Result "1-0"]
[WhiteElo "2184"]
[BlackElo "2072"]
[PlyCount "59"]
[EventDate "2012.07.14"]

1. e4 c5 2. Nf3 d6 3. d4 cxd4 4. Nxd4 Nf6 5. Nc3 a6 6. Be2 e6 7. O-O Be7 8. Be3
O-O 9. a4 Nc6 10. f4 Bd7 11. Nb3 b6 12. Kh1 Qc7 13. Bf3 Rab8 14. Qe2 Nb4 15.
Rfd1 Bc6 16. Rd2 d5 17. e5 Nd7 18. Nd4 Bb7 19. Nd1 Nc5 20. Nf2 Rfd8 21. Ng4 Ne4
22. Bxe4 dxe4 23. f5 exf5 24. Nxf5 Bc5 25. Nf6+ Kh8 26. Qh5 gxf6 27. Qh6 Bf8
28. Qxf6+ Kg8 29. Bh6 Qc6 30. Ne7+ 1-0

[Event "16th Battle of Senta - OPEN A"]
[Site "Senta"]
[Date "2012.07.17"]
[Round "5.21"]
[White "Dinic, Nenad"]
[Black "Saric, Sinisa"]
[Result "0-1"]
[WhiteElo "2024"]
[BlackElo "2462"]
[PlyCount "46"]
[EventDate "2012.07.14"]

1. e4 d5 2. exd5 Qxd5 3. Nf3 Nf6 4. d4 c6 5. c4 Qd8 6. h3 g6 7. Nc3 Bg7 8. Be3
O-O 9. Qd2 Na6 10. a3 Bf5 11. Bd3 Qc8 12. Rd1 Rd8 13. Qc2 Bxd3 14. Rxd3 b5 15.
b3 b4 16. Na2 bxa3 17. O-O c5 18. Rfd1 Nb4 19. Nxb4 cxb4 20. R3d2 Qf5 21. Qxf5
gxf5 22. Rc2 Ne4 23. Kf1 a5 0-1

[Event "16th Battle of Senta - OPEN A"]
[Site "Senta"]
[Date "2012.07.17"]
[Round "5.23"]
[White "Parnicki, Zlatko"]
[Black "Petrusic, Goran"]
[Result "0-1"]
[WhiteElo "2194"]
[BlackElo "1976"]
[PlyCount "46"]
[EventDate "2012.07.14"]

1. d4 c6 2. g3 d5 3. Bg2 Nf6 4. c4 e6 5. Nc3 Bd6 6. Nf3 O-O 7. O-O Nbd7 8. b3
h6 9. Bb2 b6 10. Re1 Bb7 11. Nd2 c5 12. e4 dxe4 13. Ndxe4 Bxe4 14. Nxe4 Nxe4
15. Bxe4 Rc8 16. Bc2 Be7 17. Qd3 g6 18. Rxe6 Bf6 19. Rae1 cxd4 20. Rd6 Re8 21.
Rxe8+ Qxe8 22. Rxf6 Nxf6 23. Qxd4 Rc6 0-1

[Event "16th Battle of Senta - OPEN A"]
[Site "Senta"]
[Date "2012.07.17"]
[Round "5.24"]
[White "Andrejic, Vladica"]
[Black "Kaszas, Viktor"]
[Result "1/2-1/2"]
[WhiteElo "2182"]
[BlackElo "2011"]
[PlyCount "75"]
[EventDate "2012.07.14"]

1. d4 Nf6 2. c4 g6 3. Nc3 Bg7 4. e4 d6 5. f4 O-O 6. Nf3 c5 7. d5 e6 8. Be2 exd5
9. cxd5 Bg4 10. O-O Nbd7 11. h3 Bxf3 12. Bxf3 Re8 13. Qc2 Rc8 14. Be3 Qa5 15.
Rae1 b5 16. g4 b4 17. Ne2 Nxd5 18. Bf2 N5b6 19. b3 c4 20. Rd1 cxb3 21. Qxb3 Nc5
22. Qb1 Nc4 23. Rd5 Qa3 24. Kg2 Na4 25. Qb3 Nc3 26. Qxa3 Nxa3 27. Nxc3 bxc3 28.
Rxd6 c2 29. Ra6 Nc4 30. e5 Nb2 31. Be3 Red8 32. Rc6 Nd3 33. Bc1 g5 34. Rxc8
Rxc8 35. Be4 Nxf4+ 36. Bxf4 gxf4 37. Rc1 Bxe5 38. Rxc2 1/2-1/2

[Event "16th Battle of Senta - OPEN A"]
[Site "Senta"]
[Date "2012.07.18"]
[Round "6.1"]
[White "Balog, Imre"]
[Black "Lukovic, Vladimir"]
[Result "1/2-1/2"]
[WhiteElo "2542"]
[BlackElo "2329"]
[PlyCount "93"]
[EventDate "2012.07.14"]

1. d4 d5 2. c4 c6 3. Nf3 Nf6 4. e3 a6 5. Nc3 b5 6. c5 a5 7. a3 Bg4 8. h3 Bxf3
9. gxf3 Nbd7 10. f4 g6 11. Bd3 e6 12. Bd2 Be7 13. b4 axb4 14. axb4 O-O 15. Ke2
Qc7 16. Qc2 Ra7 17. Rag1 Raa8 18. Qb2 Qb7 19. Ra1 Rxa1 20. Rxa1 Ra8 21. Rxa8+
Qxa8 22. Nxb5 cxb5 23. Bxb5 Qb7 24. Bd3 Ne4 25. Qa3 Nxd2 26. Kxd2 Qc7 27. Ke2
h6 28. Qa6 Kg7 29. Qa1 Kh7 30. Bb5 Nf6 31. Qa5 Qb8 32. Bc6 g5 33. Qb5 Qa7 34.
Qa5 Qb8 35. Qb5 Qa7 36. Qd3+ Ne4 37. Qc2 Kg7 38. fxg5 hxg5 39. Bb5 Qa3 40. Bd3
Qxb4 41. Bxe4 dxe4 42. Qxe4 Qc4+ 43. Kf3 Qf1 44. Qe5+ Bf6 45. Qg3 Qh1+ 46. Ke2
Qe4 47. Qg4 1/2-1/2

[Event "16th Battle of Senta - OPEN A"]
[Site "Senta"]
[Date "2012.07.18"]
[Round "6.4"]
[White "Nestorovic, Dejan"]
[Black "Dragovic, Momcilo"]
[Result "1-0"]
[WhiteElo "2404"]
[BlackElo "2364"]
[PlyCount "83"]
[EventDate "2012.07.14"]

1. d4 g6 2. c4 Bg7 3. e4 d6 4. Nc3 Nc6 5. Be3 e5 6. d5 Nd4 7. Nge2 Nxe2 8. Bxe2
Ne7 9. O-O f5 10. f3 f4 11. Bf2 g5 12. c5 Ng6 13. cxd6 cxd6 14. Rc1 O-O 15. Nb5
Rf7 16. Qc2 g4 17. fxg4 f3 18. Bxf3 Bh6 19. Nc7 Bxc1 20. Rxc1 Bd7 21. Nxa8 Qxa8
22. Qd2 Nf4 23. Be3 Qd8 24. Bxf4 Rxf4 25. h3 Kg7 26. Qe3 Qh4 27. Rc7 Rf7 28.
Rxb7 a5 29. Kh2 h6 30. Qa7 Be8 31. Rxf7+ Bxf7 32. Qxa5 Qf2 33. Qc3 Qa7 34. a3
Be8 35. Kg3 Bg6 36. b4 Qf7 37. Qe3 Qb7 38. h4 Qa6 39. h5 Bh7 40. g5 Qa8 41.
gxh6+ Kf6 42. Kh4 1-0

[Event "16th Battle of Senta - OPEN A"]
[Site "Senta"]
[Date "2012.07.18"]
[Round "6.6"]
[White "Simonyi, Zoltan"]
[Black "Nadj Hedjesi, Balind"]
[Result "0-1"]
[WhiteElo "2219"]
[BlackElo "2381"]
[PlyCount "82"]
[EventDate "2012.07.14"]

1. d4 d5 2. c4 c6 3. Nf3 Nf6 4. cxd5 cxd5 5. Nc3 Nc6 6. Bf4 Bf5 7. e3 e6 8. Bd3
Bxd3 9. Qxd3 Be7 10. h3 O-O 11. O-O Rc8 12. Rfc1 a6 13. Nd2 Nd7 14. a3 Na5 15.
b4 Nc4 16. Nxc4 Rxc4 17. Na4 Qc8 18. Qd2 Rc6 19. Kf1 Bd8 20. Ke2 h6 21. Kd1 Re8
22. Ra2 Bf6 23. Rac2 e5 24. dxe5 Nxe5 25. Bxe5 Bxe5 26. Nb6 Qe6 27. Rxc6 bxc6
28. Qd3 f5 29. Qxa6 f4 30. Qd3 fxe3 31. fxe3 Kh8 32. a4 Bc7 33. a5 Qd6 34. Qd4
Re4 35. Qc5 Qf6 36. a6 Qf1+ 37. Kd2 Qxg2+ 38. Kd3 Bxb6 39. Qxb6 d4 40. Qxc6
Rxe3+ 41. Kxd4 Qd2+ 0-1

[Event "16th Battle of Senta - OPEN A"]
[Site "Senta"]
[Date "2012.07.18"]
[Round "6.8"]
[White "Zivkovic, Sava"]
[Black "Kumic, Filip"]
[Result "1-0"]
[WhiteElo "2340"]
[BlackElo "2216"]
[PlyCount "49"]
[EventDate "2012.07.14"]

1. e4 e5 2. Nf3 Nc6 3. d4 exd4 4. Bc4 Nf6 5. e5 d5 6. Bb5 Ne4 7. Nxd4 Bd7 8.
Bxc6 bxc6 9. O-O Bc5 10. f3 Ng5 11. f4 Ne4 12. Be3 Qe7 13. Nd2 Nxd2 14. Qxd2
O-O 15. Rae1 Bxd4 16. Qxd4 f6 17. Bd2 Qf7 18. Bc3 Bf5 19. Qc5 Qd7 20. Rf3 Be4
21. Rg3 fxe5 22. Bxe5 Rf7 23. h3 Qe7 24. Qxc6 Qb4 25. Qxa8+ 1-0

[Event "16th Battle of Senta - OPEN A"]
[Site "Senta"]
[Date "2012.07.18"]
[Round "6.9"]
[White "Pezelj, Novak"]
[Black "Vucinic, Gojko"]
[Result "0-1"]
[WhiteElo "2327"]
[BlackElo "2150"]
[PlyCount "144"]
[EventDate "2012.07.14"]

1. c4 c5 2. Nf3 Nc6 3. d4 cxd4 4. Nxd4 Nf6 5. Nc3 e6 6. Ndb5 d5 7. cxd5 Nxd5 8.
e4 Nxc3 9. Qxd8+ Kxd8 10. Nxc3 Nb4 11. Bg5+ f6 12. O-O-O+ Ke8 13. Be3 Bd7 14.
a3 Nc6 15. Kb1 Rc8 16. Be2 Na5 17. Nb5 a6 18. Nd6+ Bxd6 19. Rxd6 Ke7 20. Rhd1
Ba4 21. R1d2 Nb3 22. R2d3 Bb5 23. Rb6 Bxd3+ 24. Bxd3 Nc5 25. Bxc5+ Rxc5 26.
Rxb7+ Kd6 27. Bxa6 Rc7 28. Rb4 Ke5 29. a4 Rd8 30. f3 Rd2 31. g3 Rxh2 32. a5 Ra7
33. f4+ Kd6 34. Rb6+ Kc5 35. b4+ Kd4 36. Rc6 Ra2 37. Rc4+ Ke3 38. b5 Rd7 39. b6
Rdd2 40. Rc3+ Kd4 41. Rc4+ Ke3 42. Rc3+ Kd4 43. Rd3+ Kc5 44. Rxd2 Rxd2 45. Bc4
Rd8 46. Bxe6 Rb8 47. e5 fxe5 48. fxe5 Kb4 49. Bd5 Kxa5 50. b7 Kb6 51. Kc2 Kc5
52. Bg2 Kd4 53. e6 Ke5 54. e7 Kd6 55. Kd3 Re8 56. Be4 g6 57. Ke3 Kc7 58. Kf4
Rxe7 59. g4 Rf7+ 60. Kg5 Rf1 61. Bd5 Rg1 62. Kh4 h6 63. Be4 Re1 64. Bf3 Re3 65.
Bd5 Re5 66. Bf3 Re6 67. Bd5 Rb6 68. Be4 g5+ 69. Kh5 Kd6 70. Bf3 Ke7 71. Bg2 Kf7
72. b8=N Kg7 0-1

[Event "16th Battle of Senta - OPEN A"]
[Site "Senta"]
[Date "2012.07.18"]
[Round "6.10"]
[White "Tancik, Kristijan"]
[Black "Agoston, Aron"]
[Result "1/2-1/2"]
[WhiteElo "2289"]
[BlackElo "2086"]
[PlyCount "102"]
[EventDate "2012.07.14"]

1. d4 Nf6 2. c4 g6 3. Nc3 d5 4. Bf4 Bg7 5. e3 O-O 6. Nf3 c5 7. dxc5 Qa5 8. Rc1
dxc4 9. Bxc4 Qxc5 10. Bb3 Nc6 11. O-O Qa5 12. h3 Bf5 13. Qe2 Ne4 14. g4 Nxc3
15. bxc3 Bd7 16. Rfd1 Rad8 17. Rd5 Qb6 18. Rb1 Be6 19. Rb5 Qa6 20. Bxe6 fxe6
21. Qc4 Rd5 22. a4 Rfd8 23. Kg2 Na5 24. Qb4 R8d7 25. e4 Nc6 26. Qb3 Na5 27. Qa2
Rd1 28. Rxd1 Rxd1 29. Ng5 Kh8 30. Qxe6 Qxe6 31. Nxe6 b6 32. Nxg7 Kxg7 33. Be5+
Kf7 34. Bf4 Rd3 35. Rd5 Rxc3 36. Rd7 Rc4 37. f3 Rxa4 38. Rxa7 Rc4 39. Kg3 Nc6
40. Rc7 b5 41. Bg5 Ke6 42. Rb7 b4 43. h4 Rc3 44. Bd2 Rc4 45. h5 gxh5 46. gxh5
Kf6 47. Rb6 Kg7 48. Kg4 h6 49. Kg3 Kf7 50. e5 Rc5 51. f4 Rc4 1/2-1/2

[Event "16th Battle of Senta - OPEN A"]
[Site "Senta"]
[Date "2012.07.18"]
[Round "6.11"]
[White "Stankovic, Milos"]
[Black "Sakic, Lorand"]
[Result "1-0"]
[WhiteElo "2369"]
[BlackElo "1971"]
[PlyCount "67"]
[EventDate "2012.07.14"]

1. e4 e5 2. Nf3 Nc6 3. Bb5 a6 4. Ba4 Nf6 5. O-O b5 6. Bb3 Be7 7. Re1 O-O 8. h3
d6 9. a3 Na5 10. Ba2 c5 11. d3 Qc7 12. c3 h6 13. Nbd2 Re8 14. Nf1 Bf8 15. Ng3
Nc6 16. d4 Ne7 17. Nh4 c4 18. Qf3 Nh7 19. Bb1 g6 20. Be3 Bg7 21. Qe2 Kh8 22.
Bc2 Bb7 23. Nf3 Rad8 24. Qd2 Ng8 25. d5 Bc8 26. a4 Nhf6 27. Reb1 Nd7 28. axb5
axb5 29. b3 Bb7 30. bxc4 bxc4 31. Ra7 Rb8 32. Ba4 Rec8 33. Rb4 Nc5 34. Bc6 1-0

[Event "16th Battle of Senta - OPEN A"]
[Site "Senta"]
[Date "2012.07.18"]
[Round "6.12"]
[White "Scepanovic, Labud"]
[Black "Radusinovic, Lazar"]
[Result "0-1"]
[WhiteElo "2205"]
[BlackElo "2330"]
[PlyCount "108"]
[EventDate "2012.07.14"]

1. e4 c5 2. Nf3 Nc6 3. d3 g6 4. g3 Bg7 5. Bg2 d6 6. c3 Nf6 7. O-O O-O 8. Re1
Rb8 9. d4 cxd4 10. cxd4 Bg4 11. Nc3 e5 12. dxe5 dxe5 13. Qxd8 Rfxd8 14. Bg5
Bxf3 15. Bxf3 Nd4 16. Bd1 Rd6 17. Bxf6 Bxf6 18. Rb1 Bg5 19. Nd5 Kg7 20. Ne3
Bxe3 21. Rxe3 Rc8 22. Rc3 Rxc3 23. bxc3 Ne6 24. Bb3 Nc5 25. Bd5 b6 26. Kf1 f5
27. f3 fxe4 28. fxe4 Na4 29. Rb3 Nc5 30. Rb2 Rf6+ 31. Ke2 h5 32. Rb1 g5 33. h3
Kg6 34. Rh1 Rf8 35. c4 Rf6 36. Rh2 Na4 37. Rh1 Rf8 38. Rh2 Nc3+ 39. Ke3 g4 40.
hxg4 hxg4 41. Rg2 Rf3+ 42. Kd2 Kg5 43. Ke1 Rd3 44. Kf2 Nxa2 45. c5 Nc3 46. cxb6
axb6 47. Rg1 Rf3+ 48. Kg2 Ne2 49. Rb1 Nxg3 50. Rxb6 Nf1 51. Re6 Ne3+ 52. Kh2
g3+ 53. Kh3 g2+ 54. Kh2 Rh3+ 0-1

[Event "16th Battle of Senta - OPEN A"]
[Site "Senta"]
[Date "2012.07.18"]
[Round "6.13"]
[White "Dudukovic, Nikola"]
[Black "Paroski, Sinisa"]
[Result "1-0"]
[WhiteElo "2302"]
[BlackElo "2184"]
[PlyCount "45"]
[EventDate "2012.07.14"]

1. e4 e5 2. Nf3 Nc6 3. Bc4 Nf6 4. d4 exd4 5. O-O d6 6. Nxd4 Be7 7. Nc3 O-O 8.
f3 Bd7 9. Be3 a6 10. a4 a5 11. Qd2 Ne5 12. Be2 c6 13. h3 Re8 14. f4 Ng6 15. Bf2
Bf8 16. Bf3 Qc7 17. Rae1 Rad8 18. Kh2 Bc8 19. g3 Qb6 20. Ne6 Qxb2 21. Nxd8 Rxd8
22. Rb1 Qa3 23. Rb3 1-0

[Event "16th Battle of Senta - OPEN A"]
[Site "Senta"]
[Date "2012.07.18"]
[Round "6.14"]
[White "Manojlovic, Sava"]
[Black "Kholopov, Alexander A"]
[Result "1/2-1/2"]
[WhiteElo "2077"]
[BlackElo "2289"]
[PlyCount "86"]
[EventDate "2012.07.14"]

1. d4 Nf6 2. c4 g6 3. Nc3 d5 4. cxd5 Nxd5 5. g3 Bg7 6. Bg2 Nxc3 7. bxc3 c5 8.
Nf3 Nc6 9. e3 Qa5 10. Bd2 Qa6 11. Bf1 Qb6 12. Rb1 Qc7 13. d5 Ne5 14. Nxe5 Bxe5
15. Bg2 O-O 16. O-O Rb8 17. c4 Bd7 18. a4 b6 19. Qe2 e6 20. e4 Rfe8 21. Rfe1
exd5 22. exd5 Re7 23. a5 bxa5 24. Rxb8+ Qxb8 25. Bxa5 Qd6 26. Bd2 Kg7 27. Qd1
h5 28. Be3 Bf5 29. Qb3 Rc7 30. Bd2 Re7 31. Be3 Bd4 32. h4 f6 33. Kh2 Bxe3 34.
Rxe3 Rxe3 35. fxe3 Qc7 36. Qb5 Qb6 37. Qxb6 axb6 38. e4 Bg4 39. Bf1 Kf7 40. Kg2
Ke7 41. Kf2 Kd6 42. Ke3 Kc7 43. Bd3 Bd7 1/2-1/2

[Event "16th Battle of Senta - OPEN A"]
[Site "Senta"]
[Date "2012.07.18"]
[Round "6.16"]
[White "Pletl, Akos"]
[Black "Szabados, Karoly"]
[Result "0-1"]
[WhiteElo "2251"]
[BlackElo "2091"]
[PlyCount "46"]
[EventDate "2012.07.14"]

1. d4 Nf6 2. Nf3 e6 3. g3 d5 4. Bg2 Be7 5. O-O O-O 6. c4 dxc4 7. Qa4 a6 8. Qxc4
b5 9. Qb3 Bb7 10. Nc3 Nbd7 11. Rd1 c5 12. dxc5 Qc7 13. Bf4 Qxc5 14. Rac1 Qh5
15. Bd6 Nc5 16. Qb4 Bxd6 17. Rxd6 Rac8 18. Rcd1 Nd5 19. Nxd5 Bxd5 20. Qf4 a5
21. Rb6 Bxa2 22. Rxb5 a4 23. Ne5 Qxe2 0-1

[Event "16th Battle of Senta - OPEN A"]
[Site "Senta"]
[Date "2012.07.18"]
[Round "6.17"]
[White "Saric, Sinisa"]
[Black "Bejatovic, Bojana"]
[Result "1-0"]
[WhiteElo "2462"]
[BlackElo "1941"]
[PlyCount "87"]
[EventDate "2012.07.14"]

1. d4 f5 2. g3 Nf6 3. Bg2 g6 4. Nh3 Bg7 5. Nf4 Nc6 6. d5 Ne5 7. Nc3 d6 8. h4
O-O 9. h5 Qe8 10. hxg6 hxg6 11. e4 fxe4 12. Nxe4 Bg4 13. f3 Nxe4 14. fxg4 Nxg3
15. Rh3 g5 16. Ne2 Qf7 17. Rxg3 Qf2+ 18. Kd2 Nc4+ 19. Kd3 b5 20. Qh1 Ne5+ 21.
Kd2 Rf4 22. Kd1 Rd4+ 23. Nxd4 Qxg3 24. Qh3 Qf2 25. Be3 Nxg4 26. Qxg4 Qxe3 27.
Qe6+ Qxe6 28. Nxe6 Bxb2 29. Rb1 Bf6 30. Rxb5 Rc8 31. Rb7 a6 32. Bf3 Kf7 33.
Bh5+ Kg8 34. Nxc7 Kg7 35. Ke2 Rh8 36. Ne6+ Kh6 37. Bf3 Kg6 38. Be4+ Kf7 39. Ra7
Rh2+ 40. Kf3 Rh3+ 41. Kg4 Ra3 42. Ra8 Bg7 43. Kf5 Bh6 44. Rh8 1-0

[Event "16th Battle of Senta - OPEN A"]
[Site "Senta"]
[Date "2012.07.18"]
[Round "6.18"]
[White "Petrusic, Goran"]
[Black "Cengija, Vanja"]
[Result "0-1"]
[WhiteElo "1976"]
[BlackElo "2251"]
[PlyCount "94"]
[EventDate "2012.07.14"]

1. e4 d6 2. Nc3 Nf6 3. g3 e5 4. Bg2 Be7 5. Nge2 c6 6. O-O Nbd7 7. h3 h5 8. d4
b5 9. a3 Rb8 10. Be3 a5 11. f4 Qc7 12. fxe5 dxe5 13. dxe5 Nxe5 14. Bf4 b4 15.
axb4 axb4 16. Na4 Ba6 17. Bxe5 Qxe5 18. Rf5 Qc7 19. e5 Nd5 20. Bxd5 cxd5 21.
Nf4 Qa7+ 22. Kg2 g6 23. Rxf7 Kxf7 24. Qxd5+ Kg7 25. Nc5 Bxc5 26. Ne6+ Kh6 27.
Rxa6 Qb7 28. Qxb7 Rxb7 29. Nxc5 Rc7 30. Ne6 Rxc2+ 31. Kf3 Rxb2 32. Nf4 Rg8 33.
e6 Rb3+ 34. Kf2 h4 35. e7 Rxg3 36. Rf6 Re8 37. Rf7 b3 38. Nd5 b2 39. Rf8 b1=Q
40. Rxe8 Qb2+ 41. Kf1 Qb5+ 42. Kf2 Qxe8 43. Nf6 Qf7 44. e8=Q Qxf6+ 45. Ke2 Qf3+
46. Kd2 Rg2+ 47. Ke1 Qf2+ 0-1

[Event "16th Battle of Senta - OPEN A"]
[Site "Senta"]
[Date "2012.07.18"]
[Round "6.19"]
[White "Vranic, Ljubomir"]
[Black "Zarkovic, Mila"]
[Result "1-0"]
[WhiteElo "2192"]
[BlackElo "1996"]
[PlyCount "125"]
[EventDate "2012.07.14"]

1. d4 Nf6 2. c4 e6 3. Nf3 b6 4. Nbd2 Bb7 5. Qc2 c5 6. b3 d6 7. Bb2 Be7 8. e3
Nbd7 9. Bd3 O-O 10. O-O Rc8 11. Rac1 Qc7 12. Rfe1 a6 13. Qb1 Qb8 14. e4 cxd4
15. Nxd4 Rfd8 16. Bc2 h5 17. a3 Ng4 18. h3 Bg5 19. Rcd1 Nge5 20. Rf1 Ng6 21.
N2f3 Bf6 22. Rfe1 Nde5 23. Nxe5 dxe5 24. Ne2 h4 25. Bc3 Bg5 26. Rxd8+ Rxd8 27.
Rd1 Qc7 28. a4 a5 29. Kf1 Rd6 30. Ng1 Qd8 31. Rxd6 Qxd6 32. Ne2 Bc6 33. Ke1 Nf4
34. Nxf4 Bxf4 35. Qd1 Qxd1+ 36. Kxd1 Kf8 37. c5 bxc5 38. Bxa5 Ke7 39. Ke2 Kd6
40. f3 Bg5 41. Bd3 g6 42. Bb5 Be7 43. Kd3 f5 44. Bxc6 Kxc6 45. Kc4 Bf6 46. Be1
Be7 47. Bf2 Bf8 48. Be1 Be7 49. Bd2 Bd8 50. Bc3 Bc7 51. Bb2 Bd6 52. Ba3 Be7 53.
b4 cxb4 54. Bxb4 Bf6 55. Bf8 Kb6 56. Kb4 Bd8 57. a5+ Kc6 58. a6 Kb6 59. a7 Kxa7
60. Kc5 Kb7 61. Kd6 Kc8 62. Kxe6 Bc7 63. Bd6 1-0

[Event "16th Battle of Senta - OPEN A"]
[Site "Senta"]
[Date "2012.07.18"]
[Round "6.20"]
[White "Marta, Dominik"]
[Black "Dimic, Pavle"]
[Result "0-1"]
[WhiteElo "1966"]
[BlackElo "2116"]
[PlyCount "90"]
[EventDate "2012.07.14"]

1. Nf3 Nf6 2. g3 g6 3. b3 Bg7 4. Bb2 O-O 5. Bg2 d6 6. d4 Nbd7 7. c4 Re8 8. O-O
c6 9. Nbd2 e5 10. e4 exd4 11. Nxd4 Nc5 12. Qc2 a5 13. a3 Qb6 14. Rad1 Nfd7 15.
f4 Na4 16. bxa4 Bxd4+ 17. Bxd4 Qxd4+ 18. Kh1 Qc5 19. Qc3 Nb6 20. Rb1 Ra6 21. f5
Qe5 22. Qf3 Qe7 23. f6 Qf8 24. Rxb6 Rxb6 25. c5 dxc5 26. Nc4 Ra6 27. Qf4 Rd8
28. e5 Rd4 29. Qc1 Be6 30. Nd6 Rxd6 31. exd6 Qxd6 32. Rd1 Bd5 33. Bxd5 cxd5 34.
Rf1 d4 35. Qh6 Qf8 36. Qf4 Qd8 37. h4 Re6 38. h5 Qd5+ 39. Kg1 Qe5 40. Qh4 Qxh5
41. Qf4 Qe5 42. Qh4 Qe3+ 43. Kh1 d3 44. Qc4 d2 45. Qd5 Qe2 0-1

[Event "16th Battle of Senta - OPEN A"]
[Site "Senta"]
[Date "2012.07.18"]
[Round "6.24"]
[White "Kaszas, Viktor"]
[Black "Dinic, Nenad"]
[Result "0-1"]
[WhiteElo "2011"]
[BlackElo "2024"]
[PlyCount "57"]
[EventDate "2012.07.14"]

1. e4 c5 2. Nf3 Nf6 3. Nc3 Nc6 4. d4 d5 5. exd5 Nxd5 6. Bb5 Nxc3 7. bxc3 cxd4
8. Bxc6+ bxc6 9. cxd4 Bg4 10. Qd3 e6 11. O-O Bd6 12. h3 Bf5 13. Qa6 O-O 14.
Qxc6 Rc8 15. Qa6 Bxc2 16. Qxa7 Be4 17. Qa6 Bxf3 18. gxf3 Rc3 19. Be3 Bb8 20.
Rfc1 Rxe3 21. fxe3 Qg5+ 22. Kf2 Qg3+ 23. Ke2 Qg2+ 24. Kd3 Qxf3 25. Qc6 Qf5+ 26.
Qe4 Qb5+ 27. Kd2 Bd6 28. Qc6 Bb4+ 29. Kd1 0-1